Central Library OPAC University of Rajshahi

Beginning population studies / (Record no. 1613)

MARC details
000 -LEADER
fixed length control field 00847cam a2200277 a 4500
001 - CONTROL NUMBER
control field 1613
003 - CONTROL NUMBER IDENTIFIER
rucl marc code BD-RjUL
005 - DATE AND TIME OF LATEST TRANSACTION
control field 20211208233354.0
008 - FIXED-LENGTH DATA ELEMENTS--GENERAL INFORMATION
fixed length control field 940615s1994 at a b 000 0 eng
020 ## - INTERNATIONAL STANDARD BOOK NUMBER
International Standard Book Number 0731516958
035 ## - SYSTEM CONTROL NUMBER
System control number (BD-RjUL)1640
040 ## - CATALOGING SOURCE
Original cataloging agency BD-RjUL
Language of cataloging eng
Transcribing agency BD-RjUL
041 ## - LANGUAGE CODE
Language code of text/sound track or separate title eng
082 ## - DEWEY DECIMAL CLASSIFICATION NUMBER
Edition number 19
Classification number 304.6
Author mark and year BEG 1994
245 00 - TITLE STATEMENT
Title Beginning population studies /
Statement of responsibility, etc. David Lucas & Paul Meyer (editors).
250 ## - EDITION STATEMENT
Edition statement 2nd ed.
260 ## - PUBLICATION, DISTRIBUTION, ETC. (IMPRINT)
Place of publication, distribution, etc. Canberra :
Name of publisher, distributor, etc. National Centre for Development Studies, Australian National University,
Date of publication, distribution, etc. c1994.
300 ## - PHYSICAL DESCRIPTION
Pagination xv, 199 p. :
Illustrations ill. ;
Size 25 cm.
504 ## - BIBLIOGRAPHY, ETC. NOTE
Bibliography, etc Bibliographical references: p. 187-190
650 #0 - SUBJECT ADDED ENTRY--TOPICAL TERM
Topical term or geographic name as entry element Demography.
9 (RLIN) 5331
Topical term or geographic name as entry element Population
9 (RLIN) 5332
700 1# - ADDED ENTRY--PERSONAL NAME
Personal name Lucas, David,
Dates associated with a name 1938-.
Personal name Meyer, Paul.
Personal name Wilson, Tikka.
942 ## - ADDED ENTRY ELEMENTS (KOHA)
Source of classification or shelving scheme Dewey Decimal Classification
Koha item type Books
Holdings
Lost status Source of classification or shelving scheme Damaged status Not for loan Collection code Permanent Location Current Location Shelving location Date acquired Source of acquisition Cost, normal purchase price Total Checkouts Full call number Date last seen Copy number Koha item type
  Dewey Decimal Classification   Not For Loan Non-fiction Central Library, University of Rajshahi Central Library, University of Rajshahi Reading Room 24/03/1998 Prafullo Chandra 32.00   304.6 BEG 1994 08/12/2013 C-1 Books